Strength of materials

সংরক্ষণ করুন:
গ্রন্থ-পঞ্জীর বিবরন
প্রধান লেখক: Singer, Ferdinand L (Author)
বিন্যাস: গ্রন্থ
ভাষা:ইংরেজি
প্রকাশিত: Nueva York Harper & Brothers 1951
বিষয়গুলি:
ট্যাগগুলো: ট্যাগ যুক্ত করুন
কোনো ট্যাগ নেই, প্রথমজন হিসাবে ট্যাগ করুন!

MARC

LEADER 00000nam a2200000 a 4500
001 UCU4045
003 CL-VaPUC
008 960517e19510000US |||||||||||||||||eng|d
082 0 4 |a 620.112  |b SIN  |2 21 
100 0 |a Singer, Ferdinand L  |e author  |9 361410 
245 1 0 |a Strength of materials 
300 |a 469 p 
942 |c BK 
945 |d 19960517 00:00:00  |a cmena 
260 |a Nueva York  |b Harper & Brothers  |c 1951 
650 0 |a Propiedades mecánicas   |9 262507 
650 7 |a FUERZAS MECANICA  |2 CL-VaPUC  |9 359700 
650 7 |a ELASTICIDAD  |2 CL-VaPUC  |9 266503 
650 7 |a FLEXIBILIDAD  |2 CL-VaPUC  |9 361411 
650 0 |a Ingeniería mecánica   |9 262089 
650 7 |a TENSION MECANICA  |2 CL-VaPUC  |9 361412 
650 0 |a Torsión   |9 266757 
650 0 |a Control de calidad   |9 259714 
583 |a last modification  |c 19960517 00:00:00  |k Rodrigo Vera 
999 |c 247872  |d 247870 
952 |0 0  |1 0  |4 0  |6 620_112000000000000_SIN_1951  |7 0  |8 A  |9 264077  |a BIBING  |b BIBING  |d 2019-11-19  |i 1665340  |o 620.112 SIN 1951  |p 1665340  |r 2025-01-20  |w 2019-11-19  |y BK  |k ING